|
|
|
|
| LEADER |
01873nam a22004695i 4500 |
| 001 |
978-88-470-1884-6 |
| 003 |
DE-He213 |
| 005 |
20151204144401.0 |
| 007 |
cr nn 008mamaa |
| 008 |
110501s2011 it | s |||| 0|ita d |
| 020 |
|
|
|a 9788847018846
|9 978-88-470-1884-6
|
| 024 |
7 |
|
|a 10.1007/978-88-470-1884-6
|2 doi
|
| 040 |
|
|
|d GrThAP
|
| 050 |
|
4 |
|a QA8.9-10.3
|
| 072 |
|
7 |
|a PBC
|2 bicssc
|
| 072 |
|
7 |
|a PBCD
|2 bicssc
|
| 072 |
|
7 |
|a MAT018000
|2 bisacsh
|
| 082 |
0 |
4 |
|a 511.3
|2 23
|
| 100 |
1 |
|
|a Mundici, Daniele.
|e author.
|
| 245 |
1 |
0 |
|a Logica: Metodo Breve
|h [electronic resource] /
|c by Daniele Mundici.
|
| 264 |
|
1 |
|a Milano :
|b Springer Milan :
|b Imprint: Springer,
|c 2011.
|
| 300 |
|
|
|a XI, 126 pagg.
|b online resource.
|
| 336 |
|
|
|a text
|b txt
|2 rdacontent
|
| 337 |
|
|
|a computer
|b c
|2 rdamedia
|
| 338 |
|
|
|a online resource
|b cr
|2 rdacarrier
|
| 347 |
|
|
|a text file
|b PDF
|2 rda
|
| 490 |
1 |
|
|a UNITEXT,
|x 2038-5714 ;
|v 1
|
| 520 |
|
|
|a Senza richiedere prerequisiti il testo si propone di fornire una dimostrazione dei fondamentali teoremi della logica matematica (compattezza, completezza di Gödel, Löwenheim-Skolem) introducendo i concetti sintattici e semantici in modo progressivo, dalla logica booleana a quella predicativa. Per facilitare la lettura attiva, il testo contiene numerosi esercizi.
|
| 650 |
|
0 |
|a Mathematics.
|
| 650 |
|
0 |
|a Mathematical logic.
|
| 650 |
|
0 |
|a Semantics.
|
| 650 |
1 |
4 |
|a Mathematics.
|
| 650 |
2 |
4 |
|a Mathematical Logic and Foundations.
|
| 650 |
2 |
4 |
|a Mathematical Logic and Formal Languages.
|
| 650 |
2 |
4 |
|a Semantics.
|
| 710 |
2 |
|
|a SpringerLink (Online service)
|
| 773 |
0 |
|
|t Springer eBooks
|
| 776 |
0 |
8 |
|i Printed edition:
|z 9788847018839
|
| 830 |
|
0 |
|a UNITEXT,
|x 2038-5714 ;
|v 1
|
| 856 |
4 |
0 |
|u http://dx.doi.org/10.1007/978-88-470-1884-6
|z Full Text via HEAL-Link
|
| 912 |
|
|
|a ZDB-2-SMA
|
| 950 |
|
|
|a Mathematics and Statistics (Springer-11649)
|